Fifty animals - Statistics

General Stats
  • This quiz has been taken 55 times
    42 since last reset
  • The average score is 39 of 50
Answer Stats
Picture Answer % Correct
Deer
96%
Eagle
96%
Owl
96%
Rabbit
96%
Butterfly
93%
Cat
93%
Dog
93%
Dolphin
93%
Elephant
93%
Ladybug
93%
Lion
93%
Tiger
93%
Turtle
93%
Fox
89%
Giraffe
89%
Sheep
89%
Swan
89%
Penguin
85%
Polar bear
85%
Bee
81%
Cow
81%
Bluejay
78%
Chicken
78%
Flamingo
78%
Gorilla
78%
Hedgehog
78%
Koal
78%
Moose
78%
Raccoon
78%
Starfish
78%
Hummingbird
74%
Frog
70%
Horse
70%
Monkey
70%
Pig
70%
Rooster
70%
Bear
67%
Duck
67%
Panda
67%
Snake
67%
Seal
63%
Zebra
63%
Chipmunk
59%
Snail
59%
Whale
59%
Fish
56%
Iguana
56%
Leopard
56%
Alligator
52%
Coyote
33%
No matching quizzes found
Score Distribution
Percent of People with Each Score
Percentile by Number Answered
Your Score History
You have not taken this quiz since the last reset